| 000 | 00512 a2200193 4500 | ||
|---|---|---|---|
| 005 | 20240529125916.0 | ||
| 008 | 240529b |||||||| |||| 00| 0 eng d | ||
| 020 |
_a9789381991459 _cRs. 800.00 |
||
| 040 | _aMAIN | ||
| 082 |
_a361 _bM726W |
||
| 100 | _aMohan, J Madan | ||
| 245 | _aWhat is social work?: Fundamentals and actions | ||
| 260 |
_bSwastik Publications _c2013 _aNew Delhi |
||
| 300 | _aviii, 240 | ||
| 650 | _aSocial Work | ||
| 650 | _aSocial Welfare | ||
| 650 | _aSocial Change | ||
| 942 | _cBK | ||
| 999 |
_c312209 _d312209 |
||